BIBLIOTHÈQUE DE LA MAISON DU MEXIQUE

Logo 1 Logo 2

Materiales para la arqueología de Teotihuacán (notice nᵒ 10921)

détails MARC
000 -Sello discográfico
campo de control de longitud fija 01292nam a2200349 4500
005 - Identificación de versión
campo de control 20251016084624.0
035 ## - Otros números de control del sistema
Número de control del sistema 26394
035 ## - Otros números de control del sistema
Número de control del sistema 9663
099 ## - fechas locales
Tipo de ítem Koha LIBRO
100 ## - Datos de procesamiento general
Datos de procesamiento general 20040302d1968 m y1spay5003 ba
105 ## - Campo de datos codificados: Material textual, monográfico
Datos codificados de monografía a 001zy
200 1# - Título y mención de responsabilidad
Título propio Materiales para la arqueología de Teotihuacán
Designación general del material texto impreso
Primer mención de responsabilidad Enriqueta García, Federico Mooser, Alfredo Sotomayor C., ... [et al.]
Declaración de responsabilidad subsiguiente edición José L. Lorenzo
210 ## - Publicación, distribución, etc.
Lugar de publicación, distribución, etc. México
Nombre del editor, distribuidor, etc. Instituto Nacional de Antropología e Historia
Fecha de publicación, distribución, etc. 1968
215 ## - Descripción física
Designación de material específico y extensión del ítem 90 p
Otras características físicas il., mapas
Dimensiones 27 cm
318 ## - Nota de acción
Acción No se presta a domicilio
345 ## - Nota de información de adquisición
Fuente de adquisición/dirección de la suscripción [OBSOLETO] Donación
410 #1 - Series
Título Serie Investigaciones
Número de volumen 17
607 ## - Nombre geográfico utilizado como tema
Elemento de entrada Teotihuacán, (Estado de México, México : Sitio arqueológico)
Subdivisión temática Antigüedades
Número Koha 22
660 ## - Código de área geográfica
Código MX
700 ## - Nombre personal - Responsabilidad primaria
Elemento de entrada García
Parte del nombre distinta del elemento de entrada Enriqueta
Número Koha 17499
701 ## - Nombre personal - Responsabilidad alternativa
Elemento de entrada Mooser
Parte del nombre distinta del elemento de entrada Federico
Número Koha 17500
701 ## - Nombre personal - Responsabilidad alternativa
Elemento de entrada Sotomayor C
Parte del nombre distinta del elemento de entrada Alfredo
Número Koha 17501
702 ## - Nombre personal - Responsabilidad secundaria
Elemento de entrada Lorenzo Bautista
Parte del nombre distinta del elemento de entrada José Luis
Fechas 1921-1996
Número Koha 11945
801 #0 - Fuente de origen
País FR
Agencia cm
Reglas de catalogación (convenciones descriptivas) AFNOR
900 ## -
-- 1/6759
900 ## -
-- 7100418522\020304
942 ## - ELEMENTOS DE ENTRADA SECUNDARIOS (KOHA)
Tipo de ítem Koha Livre
996 ## -
-- MEX
-- 751145101
-- MMAG
-- 001378
-- R972.51 L869M
-- 20120116LIV
996 ## -
-- MEX
-- 751145101
-- MMAG
-- 001379
-- 972.51 L869M
-- 20120116LIV
Exemplaires
Estatus retirado Estado de daño Estado de pérdida Fecha de adquisición Biblioteca de origen Biblioteca actual Ubicación en estantería Código de barras Precio de reemplazo Signatura topográfica completa No para préstamo Tipo de ítem Koha Nota pública Nota no pública
      05/08/2025 Casa México Paris Casa México Paris   001379 05/08/2025 972.51 L869M No se presta a domicilio Livre 20120116LIV 751145101